| 000 | 00573 a2200169 4500 | ||
|---|---|---|---|
| 020 | _a3540201009 | ||
| 020 | _a9783540201007 | ||
| 082 | 0 | 4 | _a511 |
| 090 |
_c429 _d429 |
||
| 100 | _aSchattschneider, Doris | ||
| 245 | 1 | 0 |
_aM.C.escher's legacy : _ba centennial celebration / _cDoris Schattschneider. |
| 260 |
_a[S.l.] : _bSpringer, _c2003. |
||
| 300 |
_a474 p. ; _c23 cm. |
||
| 700 | 1 | _aSchattschneider, Doris. | |
| 942 |
_aSNS _cBK _k760.092 ESC |
||
| 999 |
_c29061 _d29061 |
||